Denmark ageing and employment policies (vieillissement et politiques de l'emploi)

Gespeichert in:
Bibliographische Detailangaben
Format: Buch
Sprache:Englisch
Französisch
Veröffentlicht: Paris OECD 2005
Schlagworte:
Tags: Tag hinzufügen
Keine Tags, Fügen Sie das erste Tag hinzu!

MARC

LEADER 00000nam$a2200000$$$4500
001 0040371
005 20221129082455.0
020 |a 92-64-01415-2 
041 0 |a eng 
041 0 |a fre 
044 |a FR 
245 1 0 |a Denmark  |b ageing and employment policies (vieillissement et politiques de l'emploi) 
264 1 |a Paris  |b OECD  |c 2005 
300 |a 126 s. 
610 2 0 |a Dánsko 
610 2 0 |a politika zamestnanosti 
610 2 0 |a trh práce 
610 2 0 |a zamestnanosť 
610 2 0 |a starnutie populácie 
610 2 0 |a starostlivosť o prestárlych 
610 2 0 |a demografia